Loading...
| Literature - European Literature | 1 | 3 | 0 | 0 | 45 | 67 | 91.75 | 2 | 4 |
| History - Other History | 0 | 4 | 0 | 2 | 40 | 67 | 101.50 | 0 | 2 |
| History - European History | 2 | 0 | 0 | 0 | 30 | 49 | 55.00 | 0 | 2 |
| Literature - World Literature | 2 | 1 | 3 | 0 | 25 | 58 | 83.00 | 2 | 2 |
| Literature - British Literature | 2 | 2 | 5 | 0 | 25 | 69 | 78.25 | 0 | 3 |
| Fine Arts - Visual Fine Arts | 1 | 1 | 1 | 0 | 20 | 66 | 77.50 | 0 | 2 |
| History - World History | 0 | 2 | 0 | 0 | 20 | 78 | 91.00 | 0 | 1 |
| Literature - American Literature | 0 | 3 | 2 | 0 | 20 | 111 | 115.33 | 1 | 3 |
| Social Science | 1 | 1 | 1 | 0 | 20 | 69 | 83.00 | 0 | 0 |
| Religion | 0 | 2 | 1 | 0 | 15 | 117 | 124.50 | 0 | 1 |
| Science - Other Science | 0 | 2 | 1 | 1 | 15 | 96 | 112.50 | 0 | 1 |
| Science - Chemistry | 0 | 1 | 0 | 1 | 10 | 114 | 114.00 | 0 | 0 |
| Social Science- Edited | 0 | 1 | 0 | 0 | 10 | 78 | 78.00 | 1 | 1 |
| Mythology- Edited | 0 | 1 | 0 | 0 | 10 | 120 | 120.00 | 0 | 1 |
| Philosophy | 0 | 1 | 0 | 0 | 10 | 106 | 106.00 | 0 | 0 |
| Mythology | 0 | 1 | 1 | 0 | 5 | 106 | 106.00 | 0 | 0 |
| History - American History | 0 | 1 | 1 | 0 | 5 | 115 | 115.00 | 0 | 1 |
| Science - Biology | 0 | 1 | 1 | 1 | 5 | 120 | 120.00 | 0 | 0 |
| Science - Physics | 0 | 1 | 1 | 0 | 5 | 97 | 97.00 | 0 | 1 |
| Other Academic | 0 | 0 | 1 | 0 | -5 | 0.00 | 0 | 0 | |
| Fine Arts - Other Fine Arts | 0 | 0 | 1 | 0 | -5 | 0.00 | 0 | 0 |